| 000 | 00819nam a2200205Ia 4500 | ||
|---|---|---|---|
| 008 | 0000001994 usa 0000000000eng00 | ||
| 090 | _aPSP00 C17s1 | ||
| 100 | 1 |
_aCarbonell, Santiago _d1960 |
|
| 245 | 1 | 0 |
_aSantiago Carbonell _b: return to the primordial _c/ traducction Magdalena Mendoza |
| 300 |
_a[20] p. _c/ 26 cm. |
||
| 500 | _aExposición realizada en Praxis Art International, Nueva York, 1997 \ Con el patronazgo del maestro venezolano Jesús Rafael Soto (q.e.p.d.) | ||
| 600 | 0 | 0 |
_aCARBONELL, SANTIAGO, 1960/ _xTRABAJOS PICTORICOS |
| 650 | 1 | 4 | _aARTE CONTEMPORANEO ESPAÑOL |
| 650 | 1 | 4 | _xCATALOGOS |
| 650 | 1 | 4 | _xEXPOSICIONES |
| 650 | 1 | 4 | _aPINTORES ESPAÑOLES |
| 650 | 1 | 4 | _aPINTURA ESPAÑOLA |
| 700 | 1 | _aMendoza, Magdalena, tr. | |
| 999 |
_c2223 _d2223 |
||
| 260 |
_aNew York : Praxis Arte Internacional _c1994 |
||